[Event "2.Spand. W-Open 2016"]
[Site "Berlin"]
[Date "2016.12.27"]
[Round "2.1"]
[White "Kröncke, Manfred"]
[Black "Meister, Jakob"]
[Result "0-1"]
[WhiteElo "2024"]
[BlackElo "2444"]
[Annotator "Stelti"]
[PlyCount "70"]
[EventDate "2016.??.??"]
[WhiteTeam "SG Glückstadt von 1920"]
[BlackTeam "SK Zehlendorf e.V."]

1. e4 c5 2. Nf3 a6 3. d3 Nc6 4. g3 Nf6 5. Bg2 d5 6. Nbd2 e5 7. O-O Be7 8. exd5
Nxd5 9. Nc4 f6 10. a4 Bg4 11. Ne3 Nxe3 12. fxe3 Qd7 13. Bd2 Rd8 14. Rf2 c4 15.
Bf1 cxd3 16. cxd3 O-O 17. Rc1 Kh8 18. Be2 Bxf3 19. Bxf3 Qxd3 20. Qe1 e4 21. Bg2
f5 22. Bc3 Bg5 23. Re2 Bf6 24. Bf1 Bxc3 25. Rxc3 Qd6 26. Rec2 Ne5 27. Be2 Qb4
28. Qa1 Nd3 29. Bxd3 exd3 30. Rd2 Qe4 31. Qe1 f4 32. gxf4 Rxf4 33. Rg2 Rg4 34.
Rg3 Rxg3+ 35. hxg3 h6 0-1

[Event "2.Spand. W-Open 2016"]
[Site "Berlin"]
[Date "2016.12.27"]
[Round "2.2"]
[White "Muse, Drazen"]
[Black "Oelmann, Henry"]
[Result "1-0"]
[WhiteElo "2358"]
[BlackElo "1999"]
[PlyCount "64"]
[EventDate "2016.??.??"]
[WhiteTeam "SK König Tegel 1949 e.V."]
[BlackTeam "Schachclub Oranienburg e.V."]

1. d4 Nf6 2. Nf3 e6 3. c4 Bb4+ 4. Nbd2 O-O 5. a3 Bxd2+ 6. Qxd2 d5 7. e3 Ne4 8.
Qc2 Nd7 9. Bd3 f5 10. O-O a5 11. b3 c6 12. Bb2 g5 13. cxd5 exd5 14. Ne5 Ndf6
15. b4 Bd7 16. f3 Nd6 17. bxa5 Rxa5 18. Bc3 Ra8 19. Bb4 Nfe8 20. a4 Rf6 21. a5
Nb5 22. Bxb5 cxb5 23. Qc5 Bc6 24. Qe7 Nd6 25. Qxd8+ Rxd8 26. Rfc1 Rc8 27. Bxd6
Rxd6 28. a6 Rdd8 29. Rab1 Ra8 30. axb7 Bxb7 31. Rxb5 Bc8 32. Rb6 Ra3 1-0

[Event "2.Spand. W-Open 2016"]
[Site "Berlin"]
[Date "2016.12.27"]
[Round "2.3"]
[White "Kirschbaum, Heinrich"]
[Black "Ahmadinia, Ebrahim"]
[Result "0-1"]
[WhiteElo "2017"]
[BlackElo "2357"]
[PlyCount "80"]
[EventDate "2016.??.??"]
[WhiteTeam "vereinslos"]
[BlackTeam "Iran"]
[BlackTeamCountry "IRI"]

1. g3 Nf6 2. Bg2 d5 3. d3 e5 4. Nf3 Bd6 5. O-O c6 6. Nbd2 O-O 7. e4 Re8 8. Re1
Nbd7 9. Qe2 h6 10. a3 Nf8 11. b3 d4 12. Rf1 Ng6 13. Bb2 Bg4 14. c3 c5 15. Rfc1
dxc3 16. Bxc3 Qd7 17. Nc4 Rad8 18. Ne3 Be6 19. Rab1 Bc7 20. Bf1 Ng4 21. Ba1 b6
22. b4 Nxe3 23. fxe3 cxb4 24. axb4 Bd6 25. Qb2 Kh7 26. Rc2 Rc8 27. Rf2 Rc7 28.
d4 f6 29. Bd3 Bc4 30. Bc2 Rec8 31. Kg2 Qb5 32. h4 Bd3 33. Bxd3 Qxd3 34. h5 Nf8
35. dxe5 Rc2 36. Qb3 Rxf2+ 37. Kxf2 Rc2+ 38. Kg1 Qe2 39. Qxc2 Qxc2 40. Rf1 fxe5
0-1

[Event "2.Spand. W-Open 2016"]
[Site "Berlin"]
[Date "2016.12.27"]
[Round "2.4"]
[White "Zaeske, Winfried"]
[Black "Weber, Dirk"]
[Result "0-1"]
[WhiteElo "1985"]
[BlackElo "2246"]
[PlyCount "83"]
[EventDate "2016.??.??"]
[WhiteTeam "SC Zitadelle Spandau 1977 e.V."]
[BlackTeam "vereinslos"]

1. e4 c5 2. Nf3 e6 3. d4 cxd4 4. Nxd4 a6 5. Nc3 Qc7 6. Bd3 Nf6 7. O-O Be7 8. a4
b6 9. Kh1 d6 10. f4 Nbd7 11. Qe2 h5 12. Bd2 g6 13. Rae1 Bb7 14. e5 dxe5 15.
fxe5 Ng4 16. Nxe6 fxe6 17. Bxg6+ Kd8 18. Rf7 Qxe5 19. Bf4 Qxe2 20. Rxe2 e5 21.
Bf5 Bc6 22. Be6 Ra7 23. Bc1 Rf8 24. h3 Rxf7 25. Bxf7 Ngf6 26. Be3 Rc7 27. Be6
Kc8 28. Bxb6 Rb7 29. a5 Kb8 30. Be3 Rxb2 31. Kh2 Bb4 32. Nd1 Rb1 33. Nf2 Bxa5
34. g4 Bf3 35. Rd2 Bxd2 36. Bxd2 h4 37. Bg5 Bd5 38. Bf5 e4 39. Bxh4 e3 40. Nd3
Kc7 41. g5 Nh5 42. Ne1 0-1

[Event "2.Spand. W-Open 2016"]
[Site "Berlin"]
[Date "2016.12.27"]
[Round "2.5"]
[White "Hansch, Karsten"]
[Black "Mühle, Hans-Bernd"]
[Result "1-0"]
[WhiteElo "2220"]
[BlackElo "1883"]
[PlyCount "85"]
[EventDate "2016.??.??"]
[WhiteTeam "SC Empor Potsdam 1952 e.V."]
[BlackTeam "SV TuR Dresden"]

1. c4 Nf6 2. g3 e5 3. Bg2 Nc6 4. Nc3 Be7 5. e3 d6 6. Nge2 Be6 7. Nd5 Qd7 8. O-O
O-O 9. Nec3 Bh3 10. d3 Bxg2 11. Kxg2 Nd8 12. e4 c6 13. Ne3 g6 14. b3 Ne6 15.
Bb2 Ng5 16. h4 Qh3+ 17. Kg1 Ne6 18. Qf3 Nf4 19. Rad1 Ne6 20. Qg2 Qxg2+ 21. Kxg2
Nd4 22. Nb1 c5 23. Bxd4 cxd4 24. Nd5 Nxd5 25. cxd5 f5 26. Nd2 g5 27. exf5 gxh4
28. g4 h5 29. f3 Rac8 30. Ne4 Rc2+ 31. Rf2 Rxf2+ 32. Kxf2 Rc8 33. Kg2 Rc2+ 34.
Kh3 hxg4+ 35. fxg4 Kg7 36. Rd2 Rc1 37. g5 Bd8 38. Kg4 Rg1+ 39. Kh5 h3 40. f6+
Kg8 41. Rh2 Rg2 42. Rxh3 Rxa2 43. Kg6 1-0

[Event "2.Spand. W-Open 2016"]
[Site "Berlin"]
[Date "2016.12.27"]
[Round "2.6"]
[White "Baier, Reinhard"]
[Black "Major, Vitalij"]
[Result "0-1"]
[WhiteElo "1967"]
[BlackElo "2187"]
[PlyCount "39"]
[EventDate "2016.??.??"]
[WhiteTeam "BSG 1827 Eckbauer e.V."]
[BlackTeam "Betriebsschach SV Senat"]

1. e4 c5 2. Nf3 e6 3. d4 cxd4 4. Nxd4 a6 5. c4 Nf6 6. Bd3 Nc6 7. Nxc6 dxc6 8.
O-O e5 9. Qc2 Bc5 10. Bg5 h6 11. Bh4 g5 12. Bg3 Qe7 13. Nc3 h5 14. h4 Ng4 15.
hxg5 h4 16. Bh2 Qxg5 17. Kh1 Nxh2 18. Kxh2 Qf4+ 19. Kg1 h3 20. Ne2 0-1

[Event "2.Int. Spandauer Weihnachtsopen"]
[Site "?"]
[Date "2016.12.27"]
[Round "?"]
[White "Scheide, Helmut"]
[Black "Schulz, Michael"]
[Result "0-1"]
[WhiteElo "1826"]
[BlackElo "2074"]
[PlyCount "58"]
[EventDate "2016.??.??"]

1. Nf3 b5 2. d4 Bb7 3. e3 a6 4. c4 bxc4 5. Bxc4 e6 6. O-O Nf6 7. Nbd2 d6 8. Qc2
Be7 9. Re1 O-O 10. e4 Nbd7 11. Ng5 h6 12. Nxf7 Kxf7 13. Bxe6+ Kxe6 14. Qb3+ Bd5
15. exd5+ Kf7 16. Qe3 Nb6 17. Qe6+ Ke8 18. Ne4 Nbxd5 19. Qf5 Qd7 20. Nxf6+ Nxf6
21. Re6 Rf7 22. Bd2 Ng8 23. Qe4 d5 24. Qg6 Kf8 25. Rxa6 Rxa6 26. Qxa6 Nf6 27.
Bf4 Kg8 28. Rc1 Ne8 29. Re1 Rxf4 0-1

[Event "2.Int. Spandauer Weihnachtsopen"]
[Site "?"]
[Date "2016.12.27"]
[Round "?"]
[White "Hansch, Torsten"]
[Black "Hahn, Thomas"]
[Result "1-0"]
[WhiteElo "2138"]
[BlackElo "1909"]
[PlyCount "101"]
[EventDate "2016.??.??"]

1. d4 Nf6 2. c4 g6 3. Nc3 Bg7 4. e4 d6 5. f3 O-O 6. Be3 e5 7. d5 Nh5 8. Qd2 f5
9. Bd3 Na6 10. Nge2 Nc5 11. Bc2 a5 12. O-O-O Rf7 13. Kb1 Nf6 14. h3 Bd7 15. g4
fxe4 16. fxe4 b6 17. Nc1 a4 18. Qg2 Qb8 19. Nd3 Qa7 20. Nxc5 bxc5 21. Rhf1 Qa5
22. Qd2 Qb4 23. Bd3 Rb8 24. Ka1 Rff8 25. Bg5 h6 26. Be3 Rb7 27. Rf2 a3 28. b3
Rbb8 29. Qc1 Nh7 30. Rxf8+ Nxf8 31. Bd2 Qa5 32. Nb1 Qa7 33. Bxh6 Qa5 34. Bd2
Qa7 35. Qxa3 Qb7 36. Nc3 Nh7 37. Qc1 Ra8 38. Kb1 Bf6 39. g5 Be7 40. h4 Qa7 41.
Rh1 Bg4 42. Rg1 Bd7 43. Qd1 c6 44. h5 cxd5 45. hxg6 Nf8 46. exd5 e4 47. Bxe4
Be8 48. Qc2 Kg7 49. Nb5 Bxb5 50. Bc3+ Kg8 51. Rh1 1-0

[Event "2.Spand. W-Open 2016"]
[Site "Berlin"]
[Date "2016.12.27"]
[Round "2.9"]
[White "Klausch, Uwe"]
[Black "Baumgardt, Uwe"]
[Result "0-1"]
[WhiteElo "1894"]
[BlackElo "2137"]
[PlyCount "45"]
[EventDate "2016.??.??"]
[WhiteTeam "FC ST.Pauli 1910 eV SAbt"]
[BlackTeam "SC Zitadelle Spandau 1977 e.V."]

1. e4 d6 2. d4 Nf6 3. Nc3 g6 4. Be3 Bg7 5. Qd2 Ng4 6. Bg5 h6 7. Bh4 g5 8. Bg3
e5 9. Nf3 exd4 10. Nxd4 Nc6 11. Nxc6 bxc6 12. h4 Be6 13. f3 Ne5 14. hxg5 hxg5
15. Rxh8+ Bxh8 16. O-O-O Bf6 17. Ba6 Rb8 18. Bf2 Bc4 19. Bxa7 Bxa6 20. Bxb8
Qxb8 21. b3 Qb4 22. Nb1 Qb6 23. Qd4 0-1

[Event "2.Spand. W-Open 2016"]
[Site "Berlin"]
[Date "2016.12.27"]
[Round "2.10"]
[White "Hansch, Stephan"]
[Black "Möhring, Peter"]
[Result "1-0"]
[WhiteElo "2120"]
[BlackElo "1865"]
[PlyCount "61"]
[EventDate "2016.??.??"]
[WhiteTeam "SC Empor Potsdam 1952 e.V."]
[BlackTeam "USV TU Dresden"]

1. d4 g6 2. Nf3 Bg7 3. c4 d6 4. g3 c5 5. Bg2 Nc6 6. d5 Nb8 7. O-O Nf6 8. Nc3
O-O 9. Qc2 Na6 10. e4 h6 11. h3 Nc7 12. Be3 Rb8 13. Rae1 b5 14. e5 Nfe8 15. e6
fxe6 16. Qxg6 bxc4 17. Nh4 Rf6 18. Qc2 exd5 19. Nxd5 Nxd5 20. Bxd5+ e6 21. Bxc4
d5 22. Be2 d4 23. Bc1 Qc7 24. Bf4 Rxf4 25. gxf4 Qxf4 26. Qg6 Nf6 27. Ng2 Qe4
28. Qg3 Rxb2 29. Bc4 Qc6 30. Nf4 Ne4 31. Qg2 1-0

[Event "2.Spand. W-Open 2016"]
[Site "Berlin"]
[Date "2016.12.27"]
[Round "2.11"]
[White "Ijzermans, Cees"]
[Black "Al-Azzawi, Muhammed"]
[Result "1-0"]
[WhiteElo "2095"]
[BlackElo "1841"]
[PlyCount "63"]
[EventDate "2016.??.??"]

1. d4 d5 2. c4 e6 3. Nf3 Nf6 4. Nc3 Be7 5. e3 O-O 6. Bd3 dxc4 7. Bxc4 c5 8. O-O
Nbd7 9. Qe2 a6 10. a4 cxd4 11. exd4 Nb6 12. Bb3 Nbd5 13. Bg5 Re8 14. Ne5 Qd6
15. Qf3 Rf8 16. Rfe1 Rb8 17. Rac1 Bd7 18. Bh4 Nxc3 19. bxc3 Bc6 20. Nxc6 Qxc6
21. d5 Qb6 22. Rb1 Qd8 23. dxe6 fxe6 24. Qh3 Kh8 25. Bc2 h6 26. Qxe6 Re8 27.
Rbd1 Qc8 28. Qf7 Bc5 29. Bxf6 Bxf2+ 30. Kxf2 Rg8 31. Qg6 Qc5+ 32. Bd4 1-0

[Event "2.Spand. W-Open 2016"]
[Site "Berlin"]
[Date "2016.12.27"]
[Round "2.12"]
[White "Koop, Sören"]
[Black "Gelman, Josef"]
[Result "1/2-1/2"]
[WhiteElo "2086"]
[BlackElo "1839"]
[PlyCount "81"]
[EventDate "2016.??.??"]
[WhiteTeam "SC Wrist-Kellinghusen von 1979"]
[BlackTeam "SC Weisse Dame e.V."]

1. e4 e5 2. Nf3 Nf6 3. Nxe5 d6 4. Nf3 Nxe4 5. Nc3 Nxc3 6. dxc3 Be7 7. Be3 O-O
8. Qd2 Nc6 9. O-O-O Be6 10. Kb1 Bf6 11. h3 Ne5 12. Nd4 Nc4 13. Bxc4 Bxc4 14. g4
Bxd4 15. Qxd4 Be2 16. Rde1 Bf3 17. Rhg1 Bc6 18. Qf4 Re8 19. Bd4 Re6 20. Re3 Qd7
21. Rge1 Rxe3 22. Rxe3 Re8 23. b3 Rxe3 24. Qxe3 f6 25. g5 fxg5 26. Qxg5 a6 27.
h4 h6 28. Qg3 Qf7 29. c4 Be4 30. Kb2 Qg6 31. Qc3 Kh7 32. c5 dxc5 33. Qxc5 Qd6
34. Qc3 Qd7 35. Qe3 Qf5 36. Qg3 Qd7 37. Qe5 Bf5 38. a4 Qf7 39. c4 Qd7 40. b4 c6
41. Kc3 1/2-1/2

[Event "2.Spand. W-Open 2016"]
[Site "Berlin"]
[Date "2016.12.27"]
[Round "2.13"]
[White "Petrykowski, Reinhardt"]
[Black "Magnussen, Helge"]
[Result "0-1"]
[WhiteElo "1844"]
[BlackElo "2084"]
[PlyCount "116"]
[EventDate "2016.??.??"]
[WhiteTeam "Schachclub Oberkrämer"]
[BlackTeam "Elmshorner SC von 1896"]

1. d4 Nf6 2. c4 c5 3. e3 g6 4. Nf3 Bg7 5. Nc3 O-O 6. Be2 cxd4 7. exd4 d5 8. O-O
Nc6 9. h3 Bf5 10. Bf4 dxc4 11. Bxc4 Rc8 12. Bb3 Na5 13. Bc2 Bxc2 14. Qxc2 Nd5
15. Be5 Nc4 16. Qb3 Nxe5 17. dxe5 Nxc3 18. bxc3 Qc7 19. Rac1 e6 20. Rfd1 b6 21.
Qb4 Rfd8 22. Rxd8+ Rxd8 23. c4 Bf8 24. Qb3 Qd7 25. Kf1 Qc6 26. Qe3 Qa4 27. Qb3
Qa3 28. Qxa3 Bxa3 29. Rc2 Kg7 30. Ke2 f6 31. exf6+ Kxf6 32. g4 Bc5 33. Rd2
Rxd2+ 34. Nxd2 Ke5 35. Nf3+ Kf4 36. Nd2 e5 37. f3 Kg3 38. Ne4+ Kh4 39. Kf1 Kxh3
40. Nf6 Kg3 41. Ke2 h6 42. Ne4+ Kf4 43. Nf6 a5 44. a4 Bd4 45. Nd5+ Kg3 46. Nf6
Kh4 47. Kd3 Kg5 48. Nh7+ Kf4 49. Nf8 Kxf3 50. Nxg6 Kxg4 51. Ke4 h5 52. Nxe5+
Bxe5 53. Kxe5 h4 54. Kd6 h3 55. Kc6 h2 56. Kxb6 h1=Q 57. Kxa5 Qb1 58. c5 Kf5
0-1

[Event "2.Spand. W-Open 2016"]
[Site "Berlin"]
[Date "2016.12.27"]
[Round "2.14"]
[White "Rüger, Alexander"]
[Black "Welsh, Michael"]
[Result "0-1"]
[WhiteElo "1840"]
[BlackElo "2077"]
[PlyCount "86"]
[EventDate "2016.??.??"]
[WhiteTeam "SF Pfullingen"]
[BlackTeam "FC ST.Pauli 1910 eV SAbt"]

1. d4 c5 2. d5 e5 3. c4 d6 4. e4 Nf6 5. Nc3 Nbd7 6. f4 Be7 7. Nf3 exf4 8. Bxf4
Nh5 9. Be3 Bf6 10. Be2 Qe7 11. Qd3 Ne5 12. Nxe5 Bxe5 13. O-O-O Nf4 14. Bxf4
Bxf4+ 15. Kb1 Bd7 16. Bf3 O-O 17. Ne2 Be5 18. Nc1 b5 19. Be2 Rfb8 20. b3 a5 21.
Qc2 a4 22. Rde1 Bf6 23. Qd2 Qxe4+ 24. Bd3 Qd4 25. Kc2 axb3+ 26. axb3 b4 27. Re4
Qb2+ 28. Kd1 Qxd2+ 29. Kxd2 Bg5+ 30. Kc2 Re8 31. Rhe1 Rxe4 32. Bxe4 f5 33. Bd3
g6 34. g3 Kf7 35. h4 Bf6 36. Re2 Be5 37. Rg2 Kf6 38. Be2 Bd4 39. Bf3 h6 40. Ne2
Be5 41. Nf4 g5 42. hxg5+ hxg5 43. Ne2 g4 0-1

[Event "2.Spand. W-Open 2016"]
[Site "Berlin"]
[Date "2016.12.27"]
[Round "2.15"]
[White "Krichi, Abdelkerim"]
[Black "Knabe, Sascha"]
[Result "1-0"]
[WhiteElo "2068"]
[BlackElo "1807"]
[PlyCount "35"]
[EventDate "2016.??.??"]
[WhiteTeam "SF Berlin"]
[BlackTeam "Schachclub Reichenbach"]

1. e4 e5 2. Nf3 Nf6 3. Nxe5 d6 4. Nf3 Nxe4 5. Nc3 Nxc3 6. dxc3 Nc6 7. Bf4 Bg4
8. Be2 Be7 9. Qd2 Qd7 10. O-O-O a6 11. h3 Bf5 12. g4 Bg6 13. g5 Bf5 14. h4
O-O-O 15. Nd4 Nxd4 16. Qxd4 Qe6 17. Bc4 Qe4 18. Bd3 1-0